000 00329nam a22001337a 4500
008 180917b xxu||||| |||| 00| 0 eng d
020 _a9780323056625
041 _aeng
080 _27 ED
_a610.73
100 _a3
101 _aSHM
245 _aHealth Promotion Throughout The Life Span
_cMnadle E
942 _2udc
_cBK
999 _c47848
_d47848